| Record ID | ia:bendinriver0032b4 |
| Source | Internet Archive |
| Download MARC XML | https://archive.org/download/bendinriver0032b4/bendinriver0032b4_marc.xml |
| Download MARC binary | https://www.archive.org/download/bendinriver0032b4/bendinriver0032b4_meta.mrc |
LEADER: 00681cam a2200217 i 4500
008 781012s1979 nyu 00011 eng
010 $a 78021591 //r85
020 $a0394505735 :$c$8.95
035 $a(Sirsi) AAF-4562
035 $aD3565627
050 0 $aPR9272.9.N32B4
050 0 $aPZ4.N155$bBe 1979$aPR9272.9.N32
082 $a823/.9/14
090 $aPR9272.9.N32B4
100 10 $aNaipaul, V. S.$q(Vidiadhar Surajprasad),$d1932-
245 12 $aA bend in the river /$cV. S. Naipaul.
250 $a1st ed.
260 0 $aNew York :$bKnopf ; distributed by Random House,$c1979.
300 $a278 p. ;$c22 cm.
651 0 $aCongo (Democratic Republic)$vFiction.
901 $a52105$bSystem$c52105